Martingal'naja approksimacija

Uložené v:
Podrobná bibliografia
Hlavný autor: Korol'juk, Vladimir Semenovič
Ďalší autori: Borovskich, Jurij Vasil'jevič
Médium: Kniha
Jazyk:Russian
Vydavateľské údaje: Kijev Naukova duma 1988
Edícia:Monografija
Predmet:
Tagy: Pridať tag
Žiadne tagy, Buďte prvý, kto otaguje tento záznam!

MARC

LEADER 00000nam a2200000 4500
001 c106970
005 20041019155138.7
041 0 |a rus 
044 |a UA 
245 1 0 |a Martingal'naja approksimacija  |c Vladimir Semenovič Korol'juk, Jurij Vasil'jevič Borovskich 
264 1 |a Kijev  |b Naukova duma  |c 1988 
300 |a 245 s. 
490 1 |a Monografija 
830 0 |a Monografija 
610 2 0 |a metódy matematicko-štatistické 
100 1 |a Korol'juk, Vladimir Semenovič 
700 1 |a Borovskich, Jurij Vasil'jevič